Top 15 Countries with Covid-19 Deaths - 23 February 2022 - Statistics

General Stats
  • This quiz has been taken 30 times
  • The average score is 15 of 26
Answer Stats
country % Correct
United States
96%
France
93%
United Kingdom
89%
Brazil
85%
Germany
85%
Mexico
85%
India
81%
Italy
81%
Indonesia
78%
Russia
78%
Poland
74%
Argentina
67%
Colombia
59%
Iran
56%
Peru
48%
Slovakia
37%
Slovenia
37%
Bosnia and Herzegovina
33%
Croatia
33%
Czechia
33%
Hungary
33%
Bulgaria
30%
Romania
30%
Lithuania
19%
North Macedonia
15%
Georgia
11%
No matching quizzes found
Score Distribution
Percent of People with Each Score
Percentile by Number Answered
Your Score History
You have not taken this quiz